| 000 | 00513nam a22001937a 4500 | ||
|---|---|---|---|
| 003 | LC | ||
| 005 | 20160322100745.0 | ||
| 008 | 121116t xxu||||| |||| 00| 0 eng d | ||
| 020 | _a0375827633 | ||
| 050 |
_aPZ 7 _b.G4824To 2004 |
||
| 082 |
_aFIC _bG483 1999 |
||
| 100 |
_aGleitzman, Morris _918343 |
||
| 245 |
_aToad rage / _cMorris Gleitzmanc |
||
| 260 |
_aNew York. _bRandom House. _cc1999. |
||
| 300 |
_b19 cm. _a164 p. : |
||
| 650 | _aHuman-animal relations -- Fiction. | ||
| 942 |
_2lcc _cBK |
||
| 999 |
_c1194 _d1194 |
||